000 00810nam a22001817a 4500
999 _c63808
_d63808
003 Ge_BSU
005 20260120191006.0
008 260120s1963 ge ||||| |||| 00| 0 geo d
041 _ageo
080 _a32(669.1) : 338(669.1) ო-47
100 _aონანი, ენრი
_926703
245 _aნიგერიის ფედერაცია :
_b[პოლიტ-ეკონ. მიმოხილვა] /
_cენრი ონანი.
264 _aთბილისი :
_b საბჭ. საქართველო,
_c1963.
300 _a95 გვ. :
_b2ფ. ილ. ;
_c20 სმ.
653 _aნიგერიის პოლიტიკური მდგომარეობა
653 _aნიგერიის ეკონომიკა
942 _2udc
_cᲬᲘᲒᲜᲘ